000 00688nam a2200253Ia 4500
003 OSt
005 20221005114427.0
006 a|||||r|||| 00| 0
007 ta
008 221004b |||||||| |||| 00| 0 eng d
024 _a70039
037 _cTextual
040 _aCRL
_cCRL
_beng
041 _2eng
_aeng
082 _aY:(G:55), M6
100 _aMalik S L
_9133539
245 0 _aAspects of human ecology
_b A dynamic inter relationship between man and environment
260 _c1986
300 _a112p.
_ccm.
650 _aSOCIOLOGY
700 _a Bhattacharya D K
942 _hY:(G:55), M6
_cTEXL
_2cc
999 _c1031315
_d1031315